A munkaerő megtartásának hatékony eszközei az IT szektorban

Bibliographic Details
Main Author: Leisz Nóra
Other Authors: Csizmadia Dr. Péter
Format: Thesis
Kulcsszavak:Szervezeti elkötelezettség
Dolgozói elégedettség
Motiváció
IT szektor
Online Access:http://dolgozattar.uni-bge.hu/16994

MARC

LEADER 00000nta a2200000 i 4500
001 dolg16994
005 20180517125917.0
008 180517suuuu hu om 000 hun d
040 |a BGE Dolgozattár Repozitórium  |b hun 
041 |a hu 
100 1 |a Leisz Nóra 
245 1 2 |a A munkaerő megtartásának hatékony eszközei az IT szektorban  |c Leisz Nóra  |h [elektronikus dokumentum] 
695 |a Szervezeti elkötelezettség 
695 |a Dolgozói elégedettség 
695 |a Motiváció  
695 |a IT szektor 
700 1 |a Csizmadia Dr. Péter  |e ths 
856 4 0 |u http://dolgozattar.uni-bge.hu/16994/1/A%20SZAKDOGA%20jav.pdf  |z Dokumentum-elérés